MARC details
| 000 -CABECERA |
| campo de control de longitud fija |
02159nam a2200349 a 4500 |
| 001 - NÚMERO DE CONTROL |
| campo de control |
000035667 |
| 003 - IDENTIFICADOR DEL NÚMERO DE CONTROL |
| campo de control |
DO-SdBNP |
| 005 - FECHA Y HORA DE LA ÚLTIMA TRANSACCIÓN |
| campo de control |
20260321073642.0 |
| 007 - CAMPO FIJO DE DESCRIPCIÓN FÍSICA--INFORMACIÓN GENERAL |
| campo de control de longitud fija |
ta |
| 008 - DATOS DE LONGITUD FIJA--INFORMACIÓN GENERAL |
| campo de control de longitud fija |
111108s2011 dr a 001 0 spa d |
| 020 ## - NÚMERO INTERNACIONAL ESTÁNDAR DEL LIBRO |
| Número Internacional Estándar del Libro |
9789945469530 |
| 040 ## - FUENTE DE LA CATALOGACIÓN |
| Centro catalogador/agencia de origen |
DO-SdBNP |
| Lengua de catalogación |
spa |
| Centro/agencia transcriptor |
BNPHU |
| 082 ## - NÚMERO DE LA CLASIFICACIÓN DECIMAL DEWEY |
| Número de clasificación |
322.2 |
| Número de documento/Ítem |
J61t |
| Número de edición |
22 |
| 100 1# - ENTRADA PRINCIPAL--NOMBRE DE PERSONA |
| Nombre de persona |
Jimenes Grullón, Juan Isidro, |
| Fechas asociadas al nombre |
1903-1983 |
| 9 (RLIN) |
2482 |
| 245 13 - MENCIÓN DE TÍTULO |
| Título |
La tragedia dominicana y el Primer Congreso ordinario de la C.T.A.L. / |
| Mención de responsabilidad, etc. |
Juan Isidro Jimenes Grullón, Ángel Miolán, Juan Bosch. |
| 260 ## - PUBLICACIÓN, DISTRIBUCIÓN, ETC. |
| Lugar de publicación, distribución, etc. |
Santo Domingo : |
| Nombre del editor, distribuidor, etc. |
Nacional, |
| Fecha de publicación, distribución, etc. |
2011. |
| 300 ## - DESCRIPCIÓN FÍSICA |
| Extensión |
73 p. : |
| Otras características físicas |
il. ; |
| Dimensiones |
23 cm. |
| 490 1# - MENCIÓN DE SERIE |
| Mención de serie |
30 de mayo: Puerta a la libertad ; |
| 505 0# - NOTA DE CONTENIDO CON FORMATO |
| Información miscelánea |
Liminar / |
| Mención de responsabilidad |
Rafael Lantigua -- |
| Nota de contenido con formato |
Explicación -- |
| Título |
De la democracia de los países latinoamericanos -- |
| -- |
Informe de la delegación dominicana al Primer Congreso ordinario de la C.T.A.L. -- |
| -- |
Lucha de la clase obrera en contra de la tiranía dominicana. (Resolución nº10 de la Comisión de Asuntos Políticos, del Primer Congreso ordinario de la C.T.A.L.) -- |
| -- |
Discurso pronunciado por el Dr. J. I. Jiménes-Grullón, a nombre de la delegación dominicana, en el Primer Congreso ordinario de la C.T.A.L.) -- |
| -- |
Santo Domingo está sufriendo una de las tiranías más odiosas y brutales (Entrevista concedida por el Dr. J. I. Jiménes-Grullón a "El Popular", diciembre 6 de 1941). |
| 590 ## - NOTA LOCAL (RLIN) |
| Nota local |
Inventariado, 2018/BT |
| 650 #4 - PUNTO DE ACCESO ADICIONAL DE MATERIA--TÉRMINO DE MATERIA |
| Término de materia o nombre geográfico como elemento de entrada |
Trabajo y trabajadores |
| Subdivisión general |
Actividad política |
| Subdivisión geográfica |
República Dominicana |
| Subdivisión general |
Congresos, conferencias, etc. |
| 9 (RLIN) |
61589 |
| 650 #4 - PUNTO DE ACCESO ADICIONAL DE MATERIA--TÉRMINO DE MATERIA |
| Término de materia o nombre geográfico como elemento de entrada |
Actividades obreras internacionales |
| Subdivisión general |
Congresos, conferencias, etc. |
| 9 (RLIN) |
61590 |
| 650 #4 - PUNTO DE ACCESO ADICIONAL DE MATERIA--TÉRMINO DE MATERIA |
| Término de materia o nombre geográfico como elemento de entrada |
Sindicalismo |
| Subdivisión general |
Congresos, conferencias, etc. |
| 9 (RLIN) |
61591 |
| 650 #4 - PUNTO DE ACCESO ADICIONAL DE MATERIA--TÉRMINO DE MATERIA |
| Término de materia o nombre geográfico como elemento de entrada |
Sindicatos |
| Subdivisión general |
Actividad política |
| Subdivisión geográfica |
América Latina |
| Subdivisión general |
Congresos, conferencias, etc. |
| 9 (RLIN) |
61592 |
| 700 12 - PUNTO DE ACCESO ADICIONAL--NOMBRE DE PERSONA |
| Nombre de persona |
Miolán, Ángel, |
| Fechas asociadas al nombre |
1912-2010 |
| 9 (RLIN) |
43877 |
| 700 12 - PUNTO DE ACCESO ADICIONAL--NOMBRE DE PERSONA |
| Nombre de persona |
Bosch, Juan, |
| Fechas asociadas al nombre |
1909-2001 |
| 9 (RLIN) |
76555 |
| 710 22 - PUNTO DE ACCESO ADICIONAL--NOMBRE DE ENTIDAD CORPORATIVA |
| Nombre de entidad corporativa o nombre de jurisdicción como elemento de entrada |
Confederación de Trabajadores de América Latina (C.T.A.L.) |
| 9 (RLIN) |
61593 |
| 711 2# - PUNTO DE ACCESO ADICIONAL--NOMBRE DE REUNIÓN/CONGRESO |
| Nombre de congreso/reunión o jurisdicción como elemento de entrada |
Congreso ordinario de la C.T.A.L. |
| Número del congreso/reunión o número de parte o sección |
(1º: |
| Fecha del congreso/reunión |
2011, |
| Sede del congreso/Lugar de la reunión |
Santo Domingo ) |
| 9 (RLIN) |
61594 |
| 830 #0 - PUNTO DE ACCESO ADICIONAL DE SERIE-TÍTULO UNIFORME |
| Título uniforme |
30 de mayo: Puerta a la libertad ; |
| 9 (RLIN) |
61595 |
| 910 ## - DATOS DE OPCIÓN DEL USUARIO (OCLC) |
| Datos de opción del usuario |
Validado. Control de calidad. EMS |
| 942 ## - ELEMENTOS DE PUNTO DE ACCESO ADICIONAL (KOHA) |
| Fuente del sistema de clasificación o colocación |
Dewey Decimal Classification |
| Tipo de ítem Koha |
Libro |